00644nam a2200193Ia 4500008004100000082001700041100001400058245002400072250000800096260002800104300001300132500002400145650001600169700001500185942000700200952011300207952011300320999001700433230524s9999 xx 000 0 und d a621.382bTHA aB.R.Gupta 0aDigital Electronics a1ST aNEW DELHIbKatsonc2007 aXIV;1568 aQuantity Number: 2 aElectronics a V.Singhal cBK 00104070aTATCLbTATCLcGENd2023-05-24l0o621.382 THAp19553r2023-05-24tVOL-IIw2023-05-24yBKzBE2102 00104070aTATCLbTATCLcGENd2023-05-24l0o621.382 THAp19554r2023-05-24tVOL-IIw2023-05-24yBKzBE2102 c35554d35554